000 00407nam a2200145Ia 4500
008 210210b1972 xxu||||| |||| 00| 0 eng d
082 _a423.1 HART
100 _aHARTMAN (Roger).
245 _aThesaurus of english synonyms and antonyms.
260 _aBombay.
_bD. B. Taraporevala Sons & Co, Pvt Ltd.,
_c1972
300 _a220
650 _aSynonyms, Antonyms
690 _aDictionaries
906 _a030407
999 _c81659
_d81659